Kẻ trộm ký ức Tiểu thuyết

Tên sách tiếng Anh: The memory thief

Gardado en:
Detalles Bibliográficos
Autor Principal: Colin, Emily
Outros autores: Phạm, Minh Trang
Formato: Libro
Idioma:Undetermined
Publicado: H. Văn học; Công ty Văn hóa Đinh Tị 2018
Những chủ đề:
Acceso en liña:http://lrc.tdmu.edu.vn/opac/search/detail.asp?aID=2&ID=36727
Các nhãn: Engadir etiqueta
Sen Etiquetas, Sexa o primeiro en etiquetar este rexistro!
Thư viện lưu trữ: Trung tâm Học liệu Trường Đại học Thủ Dầu Một
LEADER 00809nam a2200229Ia 4500
001 TDMU_36727
008 210410s9999 xx 000 0 und d
082 |a 005.133 
090 |b C428 
100 |a Colin, Emily 
245 0 |a Kẻ trộm ký ức 
245 0 |b Tiểu thuyết 
245 0 |c Emily Colin; Phạm Minh Trang (dịch) 
260 |a H. 
260 |b Văn học; Công ty Văn hóa Đinh Tị 
260 |c 2018 
300 |a 543tr. 
520 |a Tên sách tiếng Anh: The memory thief 
650 |a Văn học hiện đại  |v Tiểu thuyết  |z Mỹ; Văn học Mỹ  |v Tiểu thuyết 
700 |a Phạm, Minh Trang 
856 |u http://lrc.tdmu.edu.vn/opac/search/detail.asp?aID=2&ID=36727 
980 |a Trung tâm Học liệu Trường Đại học Thủ Dầu Một